Entertainment Computing and Serious Games First IFIP TC 14 Joint International Conference, ICEC-JCSG 2019, Arequipa, Peru, November 11-15, 2019, Proceedings /

This book constitutes the refereed proceedings of the First IFIP TC 14 Joint International Conference on Entertainment Computing and Serious Games, ICEC-JCSG 2019, held in Arequipa, Peru, in November 2019. The 26 full papers, 5 short papers, and 16 poster, demonstration, and workshop papers presente...

Πλήρης περιγραφή

Λεπτομέρειες βιβλιογραφικής εγγραφής
Συγγραφή απο Οργανισμό/Αρχή: SpringerLink (Online service)
Άλλοι συγγραφείς: van der Spek, Erik (Επιμελητής έκδοσης, http://id.loc.gov/vocabulary/relators/edt), Göbel, Stefan (Επιμελητής έκδοσης, http://id.loc.gov/vocabulary/relators/edt), Do, Ellen Yi-Luen (Επιμελητής έκδοσης, http://id.loc.gov/vocabulary/relators/edt), Clua, Esteban (Επιμελητής έκδοσης, http://id.loc.gov/vocabulary/relators/edt), Baalsrud Hauge, Jannicke (Επιμελητής έκδοσης, http://id.loc.gov/vocabulary/relators/edt)
Μορφή: Ηλεκτρονική πηγή Ηλ. βιβλίο
Γλώσσα:English
Έκδοση: Cham : Springer International Publishing : Imprint: Springer, 2019.
Έκδοση:1st ed. 2019.
Σειρά:Information Systems and Applications, incl. Internet/Web, and HCI ; 11863
Θέματα:
Διαθέσιμο Online:Full Text via HEAL-Link
LEADER 04098nam a2200613 4500
001 978-3-030-34644-7
003 DE-He213
005 20191107204116.0
007 cr nn 008mamaa
008 191107s2019 gw | s |||| 0|eng d
020 |a 9783030346447  |9 978-3-030-34644-7 
024 7 |a 10.1007/978-3-030-34644-7  |2 doi 
040 |d GrThAP 
050 4 |a QA76.9.U83 
050 4 |a QA76.9.H85 
072 7 |a UYZG  |2 bicssc 
072 7 |a COM070000  |2 bisacsh 
072 7 |a UYZG  |2 thema 
082 0 4 |a 005.437  |2 23 
082 0 4 |a 4.019  |2 23 
245 1 0 |a Entertainment Computing and Serious Games  |h [electronic resource] :  |b First IFIP TC 14 Joint International Conference, ICEC-JCSG 2019, Arequipa, Peru, November 11-15, 2019, Proceedings /  |c edited by Erik van der Spek, Stefan Göbel, Ellen Yi-Luen Do, Esteban Clua, Jannicke Baalsrud Hauge. 
250 |a 1st ed. 2019. 
264 1 |a Cham :  |b Springer International Publishing :  |b Imprint: Springer,  |c 2019. 
300 |a XIV, 490 p. 171 illus., 146 illus. in color.  |b online resource. 
336 |a text  |b txt  |2 rdacontent 
337 |a computer  |b c  |2 rdamedia 
338 |a online resource  |b cr  |2 rdacarrier 
347 |a text file  |b PDF  |2 rda 
490 1 |a Information Systems and Applications, incl. Internet/Web, and HCI ;  |v 11863 
520 |a This book constitutes the refereed proceedings of the First IFIP TC 14 Joint International Conference on Entertainment Computing and Serious Games, ICEC-JCSG 2019, held in Arequipa, Peru, in November 2019. The 26 full papers, 5 short papers, and 16 poster, demonstration, and workshop papers presented were carefully reviewed and selected from 88 submissions. They cover a large range of topics at the multidisciplinary intersection of design, art, entertainment, interaction, computing, psychology, and numerous serious application domains. The papers are organized in the following topical sections: mixed reality; virtual reality; entertainment algorithms; game design and development; interaction technologies; measurement and effects; and serious game applications. . 
650 0 |a User interfaces (Computer systems). 
650 0 |a Optical data processing. 
650 0 |a Computer communication systems. 
650 0 |a Special purpose computers. 
650 0 |a Artificial intelligence. 
650 1 4 |a User Interfaces and Human Computer Interaction.  |0 http://scigraph.springernature.com/things/product-market-codes/I18067 
650 2 4 |a Computer Imaging, Vision, Pattern Recognition and Graphics.  |0 http://scigraph.springernature.com/things/product-market-codes/I22005 
650 2 4 |a Computer Communication Networks.  |0 http://scigraph.springernature.com/things/product-market-codes/I13022 
650 2 4 |a Special Purpose and Application-Based Systems.  |0 http://scigraph.springernature.com/things/product-market-codes/I13030 
650 2 4 |a Artificial Intelligence.  |0 http://scigraph.springernature.com/things/product-market-codes/I21000 
700 1 |a van der Spek, Erik.  |e editor.  |0 (orcid)0000-0001-8885-0373  |1 https://orcid.org/0000-0001-8885-0373  |4 edt  |4 http://id.loc.gov/vocabulary/relators/edt 
700 1 |a Göbel, Stefan.  |e editor.  |4 edt  |4 http://id.loc.gov/vocabulary/relators/edt 
700 1 |a Do, Ellen Yi-Luen.  |e editor.  |0 (orcid)0000-0002-9948-6375  |1 https://orcid.org/0000-0002-9948-6375  |4 edt  |4 http://id.loc.gov/vocabulary/relators/edt 
700 1 |a Clua, Esteban.  |e editor.  |0 (orcid)0000-0001-5650-1718  |1 https://orcid.org/0000-0001-5650-1718  |4 edt  |4 http://id.loc.gov/vocabulary/relators/edt 
700 1 |a Baalsrud Hauge, Jannicke.  |e editor.  |0 (orcid)0000-0002-3747-0845  |1 https://orcid.org/0000-0002-3747-0845  |4 edt  |4 http://id.loc.gov/vocabulary/relators/edt 
710 2 |a SpringerLink (Online service) 
773 0 |t Springer eBooks 
776 0 8 |i Printed edition:  |z 9783030346430 
776 0 8 |i Printed edition:  |z 9783030346454 
830 0 |a Information Systems and Applications, incl. Internet/Web, and HCI ;  |v 11863 
856 4 0 |u https://doi.org/10.1007/978-3-030-34644-7  |z Full Text via HEAL-Link 
912 |a ZDB-2-SCS 
912 |a ZDB-2-LNC 
950 |a Computer Science (Springer-11645)